[Event "XXVI. Rhein-Main-Open, Gruppe B"]
[Site "Bad Homburg vor der Höhe"]
[Date "2024.06.02"]
[Round "7"]
[White "Obst, Dietmar"]
[Black "Keller, Konstantin"]
[Result "1-0"]
[WhiteElo "1618"]
[BlackElo "1686"]
[PlyCount "105"]
[EventDate "2024.??.??"]
[WhiteTeam "SC Bad Nauheim"]
[BlackTeam "SV 1920 Hofheim"]

1. e4 c6 2. Nc3 d5 3. Qf3 d4 4. Bc4 e6 5. Nce2 c5 6. Nh3 Nc6 7. d3 h6 8. Qg3 g6 9. O-O Nf6 10. f4 Nh5 11. Qf3 Ng7 12. Bd2 Qc7 13. c3 Bd6 14. Nf2 g5 15. Ng4 gxf4 16. Bxf4 Bxf4 17. Nxf4 Qe7 18. Nh3 f5 19. exf5 Nxf5 20. Rae1 Nd6 21. Bd5 Bd7 22. Nf6+ Kd8 23. Nxd7 Kxd7 24. Rxe6 Qg7 25. Qf4 Nb5 26. c4 Rhf8 27. Qe4 Rxf1+ 28. Kxf1 Rf8+ 29. Nf2 Qf7 30. Qe2 Nc7 31. Rd6+ Kxd6 32. Bxf7 Rxf7 33. g3 Ne5 34. Kg2 Rf3 35. Qd2 Kd7 36. Ne4 Ne6 37. Qxh6 Rxd3 38. Qh7+ Kc6 39. Qe7 Nxc4 40. Qxe6+ Kb5 41. Nd6+ Nxd6 42. Qxd6 Rd2+ 43. Kf3 Rxh2 44. Qd7+ Kb6 45. Qd6+ Kb5 46. a4+ Kb4 47. Qd7 Rxb2 48. Qxb7+ Kc3 49. Qxa7 c4 50. Qg7 Ra2 51. Ke4 Re2+ 52. Kd5 Rd2 53. Qc7 1-0

[Event "XXVI. Rhein-Main-Open, Gruppe B"]
[Site "Bad Homburg vor der Höhe"]
[Date "2024.06.02"]
[Round "7"]
[White "Pichl, Johann"]
[Black "Wesener, Joachim"]
[Result "0-1"]
[WhiteElo "1708"]
[BlackElo "1699"]
[PlyCount "44"]
[EventDate "2024.??.??"]
[WhiteTeam "SK Bad Homburg 1927"]
[BlackTeam "SC Hilchenbach"]

1. d4 Nf6 2. Bf4 g6 3. Nc3 Bg7 4. e3 O-O 5. h4 h5 6. Be2 d6 7. g4 Nxg4 8. Bxg4 Bxg4 9. f3 Bd7 10. Qd2 e5 11. dxe5 dxe5 12. Bg3 Bc6 13. O-O-O Qxd2+ 14. Rxd2 Na6 15. e4 Bh6 16. Bxe5 Bxd2+ 17. Kxd2 Rad8+ 18. Ke3 f5 19. Nge2 fxe4 20. Nxe4 Bxe4 21. fxe4 Rfe8 22. Bf6 Rd6 0-1

[Event "XXVI. Rhein-Main-Open, Gruppe B"]
[Site "Bad Homburg vor der Höhe"]
[Date "2024.06.02"]
[Round "7"]
[White "Ploetz, Hans Juergen"]
[Black "Glavev, Victor"]
[Result "1-0"]
[WhiteElo "1769"]
[BlackElo "1483"]
[PlyCount "119"]
[EventDate "2024.??.??"]
[WhiteTeam "SC Bad Nauheim"]
[BlackTeam "SK Bad Homburg 1927"]

1. d4 d5 2. Nf3 Bf5 3. Bf4 Nc6 4. e3 a6 5. c4 e6 6. Nc3 Nf6 7. Be2 Bd6 8. Bg5 h6 9. Bh4 Be7 10. O-O Ne4 11. Bxe7 Qxe7 12. cxd5 Nxc3 13. bxc3 exd5 14. Qb3 O-O 15. Qxb7 Qd6 16. Qb2 Rfb8 17. Qd2 Qg6 18. Nh4 Qf6 19. Nxf5 Qxf5 20. c4 dxc4 21. Bxc4 Rd8 22. Qc3 Ne7 23. Bd3 Qd7 24. Be4 Rab8 25. Rfc1 Rdc8 26. Qd3 Rb6 27. Rab1 a5 28. Qd2 a4 29. Qa5 Rcb8 30. h3 Rxb1 31. Rxb1 Rxb1+ 32. Bxb1 g6 33. a3 Qc6 34. Qd2 Qb6 35. Ba2 Qc6 36. Kh2 Nf5 37. g3 h5 38. Bb1 Qf3 39. Bxf5 Qxf5 40. h4 Kh7 41. Kg1 Qb1+ 42. Kg2 Qb7+ 43. Kf1 Kg7 44. Ke2 Kf6 45. d5 Ke5 46. f4+ Kd6 47. e4 f6 48. Qd3 Qb2+ 49. Kf3 Qb3 50. Ke3 Qxd3+ 51. Kxd3 c5 52. Kc4 f5 53. e5+ Kd7 54. Kxc5 Kc7 55. e6 Kd8 56. d6 Ke8 57. Kc6 Kd8 58. e7+ Ke8 59. Kc7 Kf7 60. Kd8 1-0

[Event "XXVI. Rhein-Main-Open, Gruppe B"]
[Site "Bad Homburg vor der Höhe"]
[Date "2024.06.02"]
[Round "7"]
[White "Rausch, Pius"]
[Black "Pishnograev, Ilya"]
[Result "1/2-1/2"]
[WhiteElo "1153"]
[BlackElo "1697"]
[PlyCount "52"]
[EventDate "2024.??.??"]
[WhiteTeam "SK Stadtallendorf"]
[BlackTeam "SK Bad Homburg 1927"]

1. d4 Nf6 2. c4 e6 3. Nf3 d5 4. e3 c5 5. dxc5 Bxc5 6. cxd5 exd5 7. Bb5+ Nc6 8. h3 Qa5+ 9. Nc3 Ne4 10. Bxc6+ bxc6 11. Bd2 Nxc3 12. Bxc3 Bb4 13. Bxb4 Qxb4+ 14. Qd2 Qxd2+ 15. Kxd2 O-O 16. Rac1 Bb7 17. Rc2 Rfe8 18. Rhc1 a5 19. Nd4 Reb8 20. Nxc6 Bxc6 21. Rxc6 Rxb2+ 22. Kd1 h6 23. Rc8+ Rxc8 24. Rxc8+ Kh7 25. Rc2 Rb5 26. Kc1 Kg6 1/2-1/2

[Event "XXVI. Rhein-Main-Open, Gruppe B"]
[Site "Bad Homburg vor der Höhe"]
[Date "2024.06.02"]
[Round "7"]
[White "Reinhardt, Anton"]
[Black "Winter, Thomas"]
[Result "1-0"]
[WhiteElo "1521"]
[BlackElo "1624"]
[PlyCount "73"]
[EventDate "2024.??.??"]
[WhiteTeam "Sabt Frankfurter TV 1860"]
[BlackTeam "SV Oberursel"]

1. e4 d6 2. d4 Nf6 3. Nc3 e5 4. Nf3 exd4 5. Nxd4 Be7 6. Bc4 O-O 7. O-O c6 8. Re1 Nbd7 9. Bd2 Qc7 10. h3 Re8 11. Re3 b5 12. Bf1 b4 13. Nce2 a5 14. Ng3 Bf8 15. f4 Nc5 16. Bd3 Bb7 17. Qf3 Nxd3 18. cxd3 Qb6 19. Ndf5 Rad8 20. Kh1 g6 21. Nh4 Bg7 22. Rae1 d5 23. e5 d4 24. R3e2 c5 25. Qf2 Nd5 26. f5 Bf8 27. e6 fxe6 28. fxe6 Be7 29. Nf3 Rf8 30. Bh6 Rf6 31. Bg5 Rxf3 32. Qxf3 Bxg5 33. Qf7+ Kh8 34. e7 Bxe7 35. Rxe7 Nxe7 36. Rxe7 Bxg2+ 37. Kh2 1-0

[Event "XXVI. Rhein-Main-Open, Gruppe B"]
[Site "Bad Homburg vor der Höhe"]
[Date "2024.06.02"]
[Round "7"]
[White "Riazi, Dominik"]
[Black "Goodwin, David"]
[Result "1/2-1/2"]
[WhiteElo "1207"]
[BlackElo "1661"]
[PlyCount "39"]
[EventDate "2024.??.??"]
[WhiteTeam "SK Bad Homburg 1927"]
[BlackTeam "SV 1920 Kelsterbach"]

1. e4 g6 2. d4 Bg7 3. c4 d6 4. Nc3 Nd7 5. Be3 e5 6. Qd2 Ngf6 7. O-O-O Nb6 8. dxe5 Ng4 9. exd6 cxd6 10. c5 Nxe3 11. Qxe3 Bxc3 12. Qxc3 Qg5+ 13. Kb1 O-O 14. cxb6 axb6 15. h4 Qe7 16. h5 Be6 17. a3 Rfc8 18. Qg3 Qc7 19. Qc3 Qe7 20. Qg3 1/2-1/2

[Event "XXVI. Rhein-Main-Open, Gruppe B"]
[Site "Bad Homburg vor der Höhe"]
[Date "2024.06.02"]
[Round "7"]
[White "Roth, Benjamin"]
[Black "Gaertner, David"]
[Result "1-0"]
[WhiteElo "1630"]
[BlackElo "1637"]
[PlyCount "79"]
[EventDate "2024.??.??"]
[WhiteTeam "Sabt Frankfurter TV 1860"]
[BlackTeam "Sfr.Mainz 1928"]

1. e4 c5 2. d4 cxd4 3. c3 dxc3 4. Nxc3 Nc6 5. Nf3 e6 6. Bc4 Bb4 7. O-O Nge7 8. Qc2 h6 9. a3 Bc5 10. Rd1 a6 11. Bf4 b5 12. Ba2 Bb7 13. b4 Bb6 14. Rac1 Rc8 15. Qe2 Bc7 16. e5 Bb6 17. Ne4 Bc7 18. Nc5 Rb8 19. Nxd7 Qc8 20. Nxb8 Qxb8 21. Rd2 Ng6 22. Bg3 O-O 23. Rdc2 Qa8 24. h3 Rd8 25. Bb3 Bb6 26. h4 Nd4 27. Nxd4 Bxd4 28. Rc7 Bxg2 29. Kh2 Bf3 30. Qe1 Bg4 31. Bc2 Bb2 32. Bxg6 Bxc1 33. Bxf7+ Kf8 34. Qxc1 g5 35. Qc5+ Kg7 36. Bxe6+ Kh8 37. Bxg4 Qe4 38. Qe7 Rg8 39. Qf6+ Rg7 40. Qxg7# 1-0

[Event "XXVI. Rhein-Main-Open, Gruppe B"]
[Site "Bad Homburg vor der Höhe"]
[Date "2024.06.02"]
[Round "7"]
[White "Sasikumar Anitha, Sarvesh"]
[Black "Francke, Helmut"]
[Result "1-0"]
[WhiteElo "1704"]
[BlackElo "1895"]
[Annotator "thoma"]
[PlyCount "63"]
[EventDate "2024.??.??"]
[WhiteTeam "SK 1858 Gießen"]
[BlackTeam "SC Bad Nauheim"]

1. e4 c5 2. Nf3 d6 3. d4 cxd4 4. Nxd4 Nf6 5. Nc3 g6 6. f3 Bg7 7. Be3 O-O 8. Qd2 Nc6 9. O-O-O d5 10. Qe1 e5 11. Nxc6 bxc6 12. exd5 Nxd5 13. Bc5 Qg5+ 14. Kb1 Nxc3+ 15. Qxc3 Re8 16. Be3 Qf6 17. Bd3 Be6 18. Be4 Rec8 19. h4 Bd5 20. h5 Qe6 21. hxg6 hxg6 22. Qd2 Bxa2+ 23. Ka1 f5 24. Bh6 Bf6 25. Bg5 Rd8 26. Qe3 fxe4 27. Bxf6 Qxf6 28. Rxd8+ Rxd8 29. Kxa2 exf3 30. gxf3 Rd7 31. Kb1 Qg7 32. Qb3+ $138 1-0

[Event "XXVI. Rhein-Main-Open, Gruppe B"]
[Site "Bad Homburg vor der Höhe"]
[Date "2024.06.02"]
[Round "7"]
[White "Schaack, Frank"]
[Black "Li, Leo Jiayi"]
[Result "0-1"]
[WhiteElo "1470"]
[BlackElo "1151"]
[PlyCount "86"]
[EventDate "2024.??.??"]
[WhiteTeam "SK Bad Homburg 1927"]
[BlackTeam "SV Oberursel"]

1. e4 c5 2. Bc4 e6 3. Nf3 d5 4. exd5 exd5 5. Bb5+ Bd7 6. Bxd7+ Nxd7 7. O-O Ngf6 8. c3 Be7 9. d4 c4 10. Re1 O-O 11. Qc2 Ne4 12. g3 b5 13. Nbd2 f5 14. Nxe4 fxe4 15. Ne5 Nxe5 16. dxe5 Bg5 17. f4 exf3 18. Kf2 Bxc1 19. Raxc1 Qb6+ 20. Re3 Qe6 21. Rxf3 Rxf3+ 22. Kxf3 Rf8+ 23. Kg2 Qxe5 24. Rf1 Qe4+ 25. Qxe4 dxe4 26. Rxf8+ Kxf8 27. Kf2 Kf7 28. Ke3 a6 29. Kxe4 Ke6 30. a3 g5 31. Kf3 Kf5 32. g4+ Ke5 33. Kg3 Ke4 34. h4 h6 35. hxg5 hxg5 36. Kh3 Kf3 37. a4 bxa4 38. Kh2 Kxg4 39. Kg2 a5 40. Kh2 Kf3 41. Kh3 g4+ 42. Kh2 Kf2 43. Kh1 g3 0-1

[Event "XXVI. Rhein-Main-Open, Gruppe B"]
[Site "Bad Homburg vor der Höhe"]
[Date "2024.06.02"]
[Round "7"]
[White "Schleicher, Nicolai"]
[Black "Schloemer, Andreas"]
[Result "0-1"]
[WhiteElo "1273"]
[BlackElo "1766"]
[PlyCount "70"]
[EventDate "2024.??.??"]
[WhiteTeam "SV Frankfurt Nord 1926"]
[BlackTeam "SK Upland Willingen"]

1. e4 c5 2. c3 d5 3. exd5 Qxd5 4. d4 cxd4 5. cxd4 e6 6. Nf3 Nf6 7. Nc3 Qd8 8. Bd3 Be7 9. O-O O-O 10. Re1 a6 11. Be3 Nc6 12. Rc1 Nb4 13. Bb1 b5 14. a3 Nbd5 15. Qc2 Nxe3 16. fxe3 Bb7 17. Rf1 Rc8 18. Qd3 g6 19. e4 Rc7 20. Rfd1 Qc8 21. Qc2 Rd8 22. h3 Qa8 23. Qe2 Rdc8 24. Nd2 Bxa3 25. Nb3 Be7 26. Rf1 Nh5 27. d5 Ng3 28. Qf2 Nxf1 29. Rxf1 Rf8 30. Qe2 exd5 31. exd5 Bxd5 32. Nxd5 Qxd5 33. Nc1 Qg5 34. Nd3 Bd6 35. Ba2 Qg3 0-1

[Event "XXVI. Rhein-Main-Open, Gruppe B"]
[Site "Bad Homburg vor der Höhe"]
[Date "2024.06.02"]
[Round "7"]
[White "Schmid, Herbert"]
[Black "Henn, Jochen"]
[Result "1/2-1/2"]
[WhiteElo "1818"]
[BlackElo "1671"]
[PlyCount "83"]
[EventDate "2024.??.??"]
[WhiteTeam "SK Wertheim"]
[BlackTeam "SC Bad Nauheim"]

1. e4 e5 2. Nf3 Nc6 3. Bc4 Bc5 4. O-O Nf6 5. d3 h6 6. c3 d6 7. a3 O-O 8. Nbd2 a6 9. Ba2 Bg4 10. Qe1 Qd7 11. Nh4 Ne7 12. Ndf3 Kh8 13. d4 exd4 14. cxd4 Ba7 15. e5 Nfd5 16. Qe4 f5 17. Qd3 Bh5 18. g3 f4 19. Bb1 g6 20. Ng2 fxg3 21. fxg3 Qg4 22. Ngh4 Nf5 23. Nxf5 Rxf5 24. Kg2 Nf4+ 25. Bxf4 Rxf4 26. h3 Rxf3 27. Rxf3 Qxd4 28. Qxd4 Bxf3+ 29. Kxf3 Bxd4 30. exd6 cxd6 31. Ra2 g5 32. b4 Rc8 33. Rc2 Rxc2 34. Bxc2 Bb2 35. Be4 b6 36. a4 a5 37. bxa5 bxa5 38. g4 Kg7 39. Bc6 Kf6 40. Ke4 Ba3 41. Kd5 Bb4 42. Bb5 1/2-1/2

[Event "XXVI. Rhein-Main-Open, Gruppe B"]
[Site "Bad Homburg vor der Höhe"]
[Date "2024.06.02"]
[Round "7"]
[White "Senft, Stefanie"]
[Black "Eckhard, Laura"]
[Result "0-1"]
[WhiteElo "790"]
[BlackElo "1193"]
[PlyCount "42"]
[EventDate "2024.??.??"]
[WhiteTeam "SF Bremer Osten Bgh. Mahndorf"]
[BlackTeam "Sfr.Heidesheim"]

1. d4 d5 2. Nf3 Nf6 3. b3 Bf5 4. Ba3 Nbd7 5. e3 e6 6. Bxf8 Nxf8 7. Nbd2 N8d7 8. c4 c6 9. Be2 O-O 10. O-O Rc8 11. g3 Bh3 12. Re1 Re8 13. Ne5 Nxe5 14. dxe5 Nd7 15. f4 f6 16. Bf1 Bf5 17. g4 Bg6 18. Nf3 fxe5 19. fxe5 Rf8 20. Bh3 Qc7 21. g5 Rce8 0-1

[Event "XXVI. Rhein-Main-Open, Gruppe B"]
[Site "Bad Homburg vor der Höhe"]
[Date "2024.06.02"]
[Round "7"]
[White "Smid, Marcel"]
[Black "Noll, Raphael"]
[Result "0-1"]
[WhiteElo "1651"]
[BlackElo "1776"]
[PlyCount "58"]
[EventDate "2024.??.??"]
[BlackTeam "SK Marburg 1931/72"]

1. e4 e5 2. Nf3 Nf6 3. Nxe5 d6 4. Nf3 Nxe4 5. c4 Be7 6. d4 d5 7. Bd3 c6 8. c5 O-O 9. O-O Bg4 10. Be2 Nd7 11. Nc3 Ndf6 12. Be3 Nxc3 13. bxc3 Ne4 14. c4 Nc3 15. Qd3 Nxe2+ 16. Qxe2 dxc4 17. h3 Bxf3 18. gxf3 Qd5 19. Rac1 Rfe8 20. Kg2 Bg5 21. Rfe1 Re6 22. Qxc4 Qxc4 23. Rxc4 Rae8 24. f4 Bxf4 25. d5 Rg6+ 26. Kf3 Bxe3 27. d6 Rf6+ 28. Kg4 h5+ 29. Kxh5 Re5+ 0-1

[Event "XXVI. Rhein-Main-Open, Gruppe B"]
[Site "Bad Homburg vor der Höhe"]
[Date "2024.06.02"]
[Round "7"]
[White "Wolf, Helena"]
[Black "Bretschneider, Andreas"]
[Result "1-0"]
[WhiteElo "1498"]
[BlackElo "1156"]
[PlyCount "83"]
[EventDate "2024.??.??"]
[WhiteTeam "SK Bad Homburg 1927"]
[BlackTeam "Sabt Frankfurter TV 1860"]

1. e4 e5 2. Nf3 Nc6 3. Bc4 h6 4. d4 f6 5. Nc3 Bb4 6. Qd3 Nge7 7. a3 Bxc3+ 8. Qxc3 d6 9. O-O Bg4 10. d5 Nb8 11. h3 Bxf3 12. Qxf3 c6 13. Be3 cxd5 14. exd5 Nd7 15. b4 b6 16. Bb3 Ng8 17. c4 g6 18. Bc2 f5 19. g4 e4 20. Qe2 Qh4 21. Kg2 Ngf6 22. Bd4 O-O-O 23. f4 fxg4 24. hxg4 Rde8 25. Rh1 Qxg4+ 26. Qxg4 Nxg4 27. Bxh8 Ne3+ 28. Kf2 Nxc2 29. Rac1 Rxh8 30. Rxc2 h5 31. Ke3 Nf6 32. Rg2 Rg8 33. Rhg1 Ng4+ 34. Kxe4 Re8+ 35. Kd4 Re3 36. Rxg4 Rxa3 37. Rxg6 Kc7 38. Rg7+ Kb8 39. Rg8+ Kb7 40. R1g7+ Ka6 41. b5+ Ka5 42. Rxa7+ 1-0

[Event "XXVI. Rhein-Main-Open, Gruppe B"]
[Site "Bad Homburg vor der Höhe"]
[Date "2024.06.02"]
[Round "7"]
[White "Ziegler, Christopher"]
[Black "Friedel, Thomas"]
[Result "1-0"]
[WhiteElo "1740"]
[BlackElo "1674"]
[PlyCount "61"]
[EventDate "2024.??.??"]
[WhiteTeam "SV 1920 Kelsterbach"]
[BlackTeam "SV 1946 Groß-Gerau"]

1. e4 e5 2. Nc3 Nf6 3. f4 d5 4. fxe5 Nxe4 5. Qf3 Nxc3 6. bxc3 Qh4+ 7. g3 Qe4+ 8. Qxe4 dxe4 9. Bg2 Nd7 10. e6 Nf6 11. exf7+ Kxf7 12. Ne2 Bc5 13. Rf1 Re8 14. Nd4 c6 15. Nb3 Bb6 16. a4 Bg4 17. a5 Bc7 18. Nc5 Rab8 19. Rb1 Bxa5 20. Rxb7+ Rxb7 21. Nxb7 Bc7 22. Ba3 Rb8 23. Nd6+ Kg8 24. Nxe4 Re8 25. d3 Bh5 26. Kd2 Nd5 27. c4 Ba5+ 28. c3 Nxc3 29. Nxc3 Re2+ 30. Kc1 Bxc3 31. Rf8# 1-0

[Event "XXVI. Rhein-Main-Open, Gruppe B"]
[Site "Bad Homburg vor der Höhe"]
[Date "2024.06.02"]
[Round "7"]
[White "Ahrends, Norbert"]
[Black "Gold, Jan Christian"]
[Result "1/2-1/2"]
[WhiteElo "1944"]
[BlackElo "1969"]
[PlyCount "120"]
[EventDate "2024.??.??"]
[WhiteTeam "SK 1980 Gernsheim"]
[BlackTeam "SK Bad Homburg 1927"]

1. d4 e6 2. c4 b6 3. Nc3 Bb7 4. Nf3 Bb4 5. Qc2 Nf6 6. a3 Bxc3+ 7. Qxc3 c5 8. dxc5 bxc5 9. Bg5 a5 10. g3 d6 11. Rd1 e5 12. Bg2 O-O 13. O-O Ra6 14. Nxe5 Bxg2 15. Kxg2 Ne4 16. Bxd8 Nxc3 17. bxc3 Rxd8 18. Rd2 Rb6 19. Rfd1 a4 20. Nd3 Nd7 21. Nb2 Ne5 22. Nxa4 Rc6 23. Nb2 Kf8 24. h3 g5 25. f4 gxf4 26. gxf4 Ng6 27. Kg3 Ke7 28. Nd3 Ra8 29. Ra2 f5 30. Rb1 Rc7 31. Rb3 Nf8 32. a4 Rca7 33. Nb2 Nd7 34. Ra1 Nf6 35. Kf3 Rg8 36. Rf1 Ne4 37. Ke3 Rg2 38. Nd1 Rxa4 39. Rf3 Ng3 40. Kd3 Kf6 41. Ne3 Rg1 42. Rb7 Ra2 43. Rxh7 Nxe2 44. Rh6+ Kf7 45. Nxf5 Rd1+ 46. Ke3 Ng1 47. Ke4 Nxf3 48. Kxf3 Rd3+ 49. Ke4 Rxc3 50. Nxd6+ Ke7 51. Kd5 Ra5 52. Rh7+ Kf8 53. Nb7 Ra7 54. Kxc5 Kg8 55. Rc7 Rxh3 56. Kb6 Ra4 57. Nd6 Rh6 58. Rd7 Rxc4 59. f5 Rxd6+ 60. Rxd6 Kf7 1/2-1/2

[Event "XXVI. Rhein-Main-Open, Gruppe B"]
[Site "Bad Homburg vor der Höhe"]
[Date "2024.06.02"]
[Round "7"]
[White "Bezsonna, Polina"]
[Black "Meyer Jany, Marcel"]
[Result "1-0"]
[WhiteElo "1788"]
[BlackElo "1785"]
[PlyCount "51"]
[EventDate "2024.??.??"]
[WhiteTeam "SK Bad Homburg 1927"]
[BlackTeam "SK Herborn 1946"]

1. e4 c6 2. d4 d5 3. e5 Bf5 4. h4 h5 5. Bd3 Bxd3 6. Qxd3 e6 7. Bg5 Qa5+ 8. Nd2 Qa6 9. c4 Ne7 10. Ngf3 Nf5 11. O-O Be7 12. Qc2 Bxg5 13. hxg5 dxc4 14. Nxc4 O-O 15. Ne3 Ne7 16. Nh4 g6 17. g4 hxg4 18. Nxg4 Nd7 19. Nf6+ Nxf6 20. gxf6 Nf5 21. Nxf5 exf5 22. Qd2 f4 23. Qxf4 Qe2 24. Kg2 Qh5 25. Rh1 g5 26. Rxh5 1-0

[Event "XXVI. Rhein-Main-Open, Gruppe B"]
[Site "Bad Homburg vor der Höhe"]
[Date "2024.06.02"]
[Round "7"]
[White "Brauer, Julian"]
[Black "Zerhusen, Martin"]
[Result "0-1"]
[WhiteElo "1731"]
[BlackElo "1805"]
[PlyCount "112"]
[EventDate "2024.??.??"]
[WhiteTeam "SC Herxheim"]
[BlackTeam "SV Rüsselsheim 1929"]

1. c4 c5 2. g3 Nc6 3. Bg2 d6 4. Nc3 Nf6 5. e4 e5 6. Nge2 Be6 7. d3 Qd7 8. O-O Bh3 9. f4 Bxg2 10. Kxg2 Nd4 11. f5 h6 12. a4 a5 13. Bd2 Nc6 14. Nb5 Nb4 15. Bxb4 axb4 16. h3 Be7 17. a5 Ra6 18. Nc1 O-O 19. Nb3 Rfa8 20. g4 Bd8 21. h4 Nh7 22. Kg3 f6 23. h5 Bxa5 24. Qc2 Bc7 25. Rfb1 Qc6 26. Qd1 Nf8 27. Qc1 Nd7 28. Qd1 Kf7 29. Kf3 Ke7 30. Rxa6 bxa6 31. Nxc7 Qxc7 32. Nd2 Nb6 33. b3 a5 34. Ra1 Qc6 35. Ke2 a4 36. Nb1 axb3 37. Rxa8 Qxa8 38. Qxb3 Qa1 39. Qc2 Kd7 40. Nd2 Qg1 41. Qa2 Qxg4+ 42. Ke1 Ke7 43. Qa7+ Nd7 44. Nb3 Qg3+ 45. Ke2 Qg2+ 46. Ke1 Qh1+ 47. Kd2 Qxh5 48. Na5 Qe8 49. Qc7 Kf8 50. Qxd6+ Qe7 51. Qc7 Kg8 52. Nb7 Kh7 53. Nxc5 Qxc5 54. Qxd7 Qf2+ 55. Kc1 b3 56. Kd1 Qc2+ 0-1

[Event "XXVI. Rhein-Main-Open, Gruppe B"]
[Site "Bad Homburg vor der Höhe"]
[Date "2024.06.02"]
[Round "7"]
[White "Lopez Fuertes, Victor"]
[Black "Kolker, Vladislav"]
[Result "1/2-1/2"]
[WhiteElo "1748"]
[BlackElo "1896"]
[PlyCount "93"]
[EventDate "2024.??.??"]
[WhiteTeam "SC 1910 Höchst"]
[BlackTeam "SC Bad Nauheim"]

1. e4 e5 2. Nf3 Nc6 3. d4 exd4 4. Nxd4 Bc5 5. Nxc6 Qf6 6. Qd2 Qxc6 7. Nc3 Ne7 8. Bd3 O-O 9. O-O a6 10. Kh1 b5 11. Qg5 Bb7 12. Be3 Bxe3 13. Qxe3 b4 14. Ne2 Rae8 15. Qg3 f5 16. Nd4 Qf6 17. Nxf5 Nxf5 18. exf5 c5 19. b3 d5 20. a3 a5 21. axb4 axb4 22. Qc7 Bc6 23. Ra6 Rc8 24. Qa5 Qc3 25. Qa1 Qd2 26. Ra7 Qh6 27. Qe5 Rfe8 28. Re7 Qf6 29. Qxf6 gxf6 30. Rfe1 Kf8 31. Rxe8+ Bxe8 32. f3 c4 33. bxc4 dxc4 34. Be4 b3 35. cxb3 cxb3 36. Kg1 b2 37. Kf2 Bf7 38. Ke2 Rc1 39. Kd2 Rxe1 40. Kxe1 Ba2 41. Kf2 b1=Q 42. Bxb1 Bxb1 43. g4 Kg7 44. Kg3 Bc2 45. Kh4 Bd1 46. Kg3 Bc2 47. Kf4 1/2-1/2

[Event "XXVI. Rhein-Main-Open, Gruppe A"]
[Site "Bad Homburg vor der Höhe"]
[Date "2024.05.28"]
[Round "1"]
[White "Akhmatovski, Maxim"]
[Black "Griesfeller, Sven"]
[Result "1-0"]
[WhiteElo "2101"]
[BlackElo "1741"]
[PlyCount "103"]
[EventDate "2024.??.??"]
[WhiteTeam "SV Oberursel"]
[BlackTeam "Schachdr. Büdingen-Wächtersbach"]

1. d4 Nf6 2. c4 e6 3. Nf3 d5 4. g3 Be7 5. Bg2 O-O 6. O-O dxc4 7. Qc2 c5 8. dxc5 Bxc5 9. Qxc4 Nbd7 10. Nc3 Be7 11. Rd1 Nb6 12. Qb3 Qc7 13. Bf4 Qc4 14. Qxc4 Nxc4 15. b3 Nb6 16. Ne5 Bb4 17. Rac1 Bxc3 18. Rxc3 Nfd5 19. Rcc1 f6 20. Nc4 Nxf4 21. gxf4 Nxc4 22. Rxc4 Rb8 23. Rc7 a6 24. e3 Rf7 25. Rdc1 Rxc7 26. Rxc7 Kf8 27. Be4 h6 28. Bg6 b5 29. Rf7+ Kg8 30. Re7 Bb7 31. Rxe6 Rd8 32. e4 Bc8 33. Rb6 Bh3 34. f3 Kf8 35. Kf2 Rd2+ 36. Kg3 Bf1 37. f5 b4 38. Rxb4 Rxa2 39. Rb8+ Ke7 40. Rb7+ Kf8 41. f4 Rg2+ 42. Kf3 Rxh2 43. Rf7+ Kg8 44. Re7 Bb5 45. e5 Rc2 46. e6 Rc8 47. Ke4 Rd8 48. Rc7 Be8 49. e7 Rb8 50. Kd5 Rb5+ 51. Rc5 Rxc5+ 52. Kxc5 1-0

[Event "XXVI. Rhein-Main-Open, Gruppe A"]
[Site "Bad Homburg vor der Höhe"]
[Date "2024.05.28"]
[Round "1"]
[White "Bach, Oliver"]
[Black "Nagel, Daniel"]
[Result "0-1"]
[WhiteElo "1805"]
[BlackElo "1928"]
[PlyCount "106"]
[EventDate "2024.??.??"]
[WhiteTeam "Sabt Frankfurter TV 1860"]
[BlackTeam "SF Neuberg"]

1. d4 Nf6 2. Nf3 g6 3. c4 Bg7 4. Nc3 d6 5. e4 O-O 6. Bg5 h6 7. Bf4 e5 8. dxe5 dxe5 9. Qxd8 Rxd8 10. Bxe5 Re8 11. O-O-O c6 12. h3 Nbd7 13. Bc7 Nxe4 14. Nxe4 Rxe4 15. Bd3 Re8 16. Rhe1 Nf6 17. Rxe8+ Nxe8 18. Be5 Nf6 19. Bc2 Be6 20. b3 Re8 21. Bc7 Nd7 22. Nd4 Nc5 23. Bd6 Bf8 24. Bg3 Bc8 25. b4 Ne6 26. c5 a5 27. a3 axb4 28. axb4 Nxd4 29. Rxd4 Bg7 30. Rd3 Bf5 31. Ra3 Bxc2 32. Kxc2 Re2+ 33. Kd3 Rb2 34. Ra8+ Kh7 35. Ra4 Rb3+ 36. Kc2 Rc3+ 37. Kd2 Rc4 38. Kd3 Rd4+ 39. Ke3 f5 40. Bd6 g5 41. f4 gxf4+ 42. Bxf4 Re4+ 43. Kf3 Bc3 44. Be3 Bxb4 45. g4 Bxc5 46. Rxe4 fxe4+ 47. Kxe4 Bxe3 48. Kxe3 h5 49. g5 h4 50. Kf4 b5 51. Kf5 b4 52. g6+ Kg7 53. Ke4 Kxg6 0-1

[Event "XXVI. Rhein-Main-Open, Gruppe A"]
[Site "Bad Homburg vor der Höhe"]
[Date "2024.05.28"]
[Round "1"]
[White "Boersch, Dieter"]
[Black "Krychevskiy, Dmytro"]
[Result "1/2-1/2"]
[WhiteElo "1764"]
[BlackElo "1944"]
[PlyCount "88"]
[EventDate "2024.??.??"]
[WhiteTeam "SK Bad Homburg 1927"]
[BlackTeam "SV Oberursel"]

1. d4 Nf6 2. c4 e6 3. Nc3 d5 4. Bg5 Be7 5. Nf3 O-O 6. e3 Nbd7 7. cxd5 Nxd5 8. Bxe7 Qxe7 9. Nxd5 exd5 10. Bd3 Rd8 11. Qc2 Nf8 12. O-O Rd6 13. Rfc1 c6 14. b4 Rh6 15. b5 Bg4 16. Ne5 Bd7 17. bxc6 bxc6 18. Bf5 Rc8 19. Rab1 Bxf5 20. Qxf5 Re6 21. Rb3 g6 22. Qb1 Rc7 23. Rbc3 Qe8 24. Qc2 Kg7 25. Rxc6 Rcxc6 26. Nxc6 Nd7 27. Nxa7 Nb6 28. Qb3 Nc4 29. Qb5 Rxe3 30. Qxe8 Rxe8 31. Nb5 Ra8 32. Nc3 Ra3 33. Kf1 Nd2+ 34. Ke1 Ne4 35. Nxd5 Rxa2 36. Nc3 Nxc3 37. Rxc3 Kf6 38. Re3 Ra4 39. Rd3 Ke6 40. Ke2 Kd5 41. Ke3 Ra7 42. h4 Re7+ 43. Kf3 Re4 44. g3 Rxd4 1/2-1/2

[Event "XXVI. Rhein-Main-Open, Gruppe A"]
[Site "Bad Homburg vor der Höhe"]
[Date "2024.05.28"]
[Round "1"]
[White "Bollmann, Henrik"]
[Black "Rabiya, Karim"]
[Result "1-0"]
[WhiteElo "2084"]
[BlackElo "1814"]
[PlyCount "127"]
[EventDate "2024.??.??"]
[WhiteTeam "SC Bad Nauheim"]
[BlackTeam "SK Niederbrechen 1948"]

1. c4 e5 2. Nc3 Nc6 3. g3 f5 4. Bg2 Nf6 5. e3 Bb4 6. Nge2 d6 7. a3 Ba5 8. O-O Be6 9. Nd5 O-O 10. b4 Bb6 11. Bb2 Qd7 12. Rc1 Qf7 13. Nxf6+ gxf6 14. Qc2 a6 15. d4 d5 16. cxd5 Bxd5 17. Qxf5 Bxg2 18. Kxg2 Rad8 19. Rfd1 Qd5+ 20. Kg1 exd4 21. Qxd5+ Rxd5 22. exd4 Rfd8 23. Nf4 R5d6 24. d5 Ne5 25. Ne6 R8d7 26. Nc5 Bxc5 27. Rxc5 c6 28. Bxe5 fxe5 29. Re1 Rxd5 30. Rxe5 Rd3 31. Rg5+ Kf7 32. Rh5 Ke8 33. Rcg5 Kf8 34. Rf5+ Ke8 35. Ra5 Rf3 36. Rhf5 Rf7 37. Rxf3 Rxf3 38. Kg2 Rb3 39. Rh5 Rxa3 40. Rxh7 b5 41. Rc7 Rc3 42. h4 Kd8 43. Ra7 c5 44. bxc5 Rxc5 45. Rxa6 Kc7 46. g4 b4 47. Ra1 Kd6 48. Kg3 b3 49. Rb1 Rb5 50. h5 Ke6 51. f4 b2 52. h6 Kf7 53. g5 Kg6 54. Kg4 Rb4 55. Kg3 Rb3+ 56. Kh4 Rb4 57. Kg4 Kh7 58. Kh5 Rb3 59. g6+ Kg8 60. Kg5 Rb5+ 61. f5 Rb3 62. Rd1 Rb8 63. h7+ Kh8 64. Kh6 1-0

[Event "XXVI. Rhein-Main-Open, Gruppe A"]
[Site "Bad Homburg vor der Höhe"]
[Date "2024.05.28"]
[Round "1"]
[White "Busch, Lorenz"]
[Black "Scheerer, Amelie"]
[Result "1/2-1/2"]
[WhiteElo "1995"]
[BlackElo "1734"]
[PlyCount "60"]
[EventDate "2024.??.??"]
[WhiteTeam "SC Bellheim"]
[BlackTeam "SV 1934 Ffm-Griesheim"]

1. e4 e5 2. Nf3 Nc6 3. Bc4 Bc5 4. O-O Nf6 5. d4 Bxd4 6. Nxd4 Nxd4 7. Bg5 O-O 8. f4 d6 9. fxe5 dxe5 10. Bxf6 gxf6 11. c3 Nc6 12. Qxd8 Rxd8 13. Rxf6 Rd1+ 14. Rf1 Rxf1+ 15. Kxf1 Na5 16. Bd3 Be6 17. Nd2 Rd8 18. Ke2 f6 19. b4 Nc6 20. Nc4 Kf7 21. Ne3 Ne7 22. a3 Ng6 23. g3 h5 24. Rf1 h4 25. Bc4 Bxc4+ 26. Nxc4 hxg3 27. hxg3 Rh8 28. Ne3 Rh2+ 29. Rf2 Rxf2+ 30. Kxf2 b5 1/2-1/2